[Event "ROM-ch U08"]
[Site "Calimanesti"]
[Date "2018.04.02"]
[Round "8"]
[White "Petcu, Alexandru Florin"]
[Black "Andrei, David Mihai"]
[Result "0-1"]
[WhiteElo "1006"]
[BlackElo "1136"]
[PlyCount "90"]
[EventDate "2018.03.27"]
[EventType "swiss"]
[EventRounds "9"]
[EventCountry "ROU"]
[SourceTitle "CBM 183 Extra"]
[Source "ChessBase"]
[SourceDate "2018.04.19"]
[SourceVersion "1"]
[SourceVersionDate "2018.04.19"]
[SourceQuality "1"]

1. e4 e5 2. Nf3 Nc6 3. Bc4 Bc5 4. 0-0 Nf6 5. Ng5 d5 6. exd5 Nxd5 7. d3 h6 8. Nf3 0-0 9. h3 Re8 10. Re1 Bf5 11. Nc3 Nxc3 12. bxc3 Qd7 13. Bb2 Re7 14. Re2 Rd8 15. Bb5 a6 16. Bxc6 bxc6 17. d4 e4 18. Nh4 Bh7 19. Re1 Bb6 20. Re2 g5 21. Ba3 Re6 22. Bb2 gxh4 23. Qd2 Rg6 24. Qd1 Qxh3 25. Qf1 Rd5 26. Re3 Qg4 27. f3 Qg3 28. Rae1 h3 29. R1e2 h2+ 30. Kh1 Rdg5 31. fxe4 Qh4 32. Qf3 Rg7 33. e5 Bf5 34. c4 Bg4 35. Qf2 Qh5 36. Re1 Rf5 37. Qd2 Rf4 38. c5 Rg5 39. Qc1 Ba5 40. Rf1 Bd2 41. Qb1 Bxe3 42. g3 Bf3+ 43. Rxf3 Qxf3+ 44. Kxh2 Qxg3+ 45. Kh1 Rh4# 0-1